| 000 | 01175nam a22003377a 4500 | ||
|---|---|---|---|
| 003 | CHAP | ||
| 005 | 20220329134616.0 | ||
| 008 | 971013s1964 r 00010 d | ||
| 010 | _a22953 | ||
| 011 | _a23925 | ||
| 035 | _a28022 | ||
| 040 | _cCHAP | ||
| 082 |
_a581.11 _bD8 |
||
| 100 | 0 | 0 |
_aDupriez, G. L. _934521 |
| 245 | _aL'évaporation et les besoins en eaudes defférentes cultures dans la région de Mvuazi (Bas-Congo) | ||
| 260 |
_aBruxelles, I. : _bInstitut National pour Letude Agronomique du Congo, _c1964 |
||
| 300 |
_a106 p. _b: gráfs. |
||
| 490 |
_aSerie Scientifique _v; 106 |
||
| 590 |
_aBATCH-UPD _b10 _c20130110 _lUCH01 _h0022 |
||
| 590 |
_aBATCH-UPD _b10 _c20130110 _lUCH01 _h1949 |
||
| 590 |
_aBATCH-UPD _b10 _c20130409 _lUCH01 _h2002 |
||
| 590 |
_aBATCH-UPD _b10 _c20130914 _lUCH01 _h1117 |
||
| 590 |
_aCONVERSION _b10 _c20130109 _lUCH01 _h1313 |
||
| 650 | 1 | 4 |
_aCultivos tropicales. _930383 |
| 650 | 1 | 4 |
_aCultivos _xAgua requerida. _930224 |
| 650 | 1 | 4 |
_aEvaporación _xEfecto en plantas. _938965 |
| 830 | 0 |
_aSerie Scientifique _v; 106 _9105032 |
|
| 901 | _aBK | ||
| 942 | _cLIBRO | ||
| 949 |
_a581.11 D8 _bBC _cLIBRO _d33724000521779 _eLIBRO _h67459 _i28022 _mD _si |
||
| 999 |
_c22953 _d22953 |
||